Fr. Conceicao Rodrigues College of Engineering

Cutting tool technology:Industrial Handbook (Record no. 21176)

MARC details
000 -LEADER
fixed length control field 00364nam a2200157Ia 4500
082 ## - DEWEY DECIMAL CLASSIFICATION NUMBER
Classification number 671.35
Item number SMI
100 ## - MAIN ENTRY--PERSONAL NAME
Personal name Smith/Graham T
245 ## - TITLE STATEMENT
Title Cutting tool technology:Industrial Handbook
260 ## - PUBLICATION, DISTRIBUTION, ETC.
Name of publisher, distributor, etc. Springer
Date of publication, distribution, etc. 2008
366 ## - TRADE AVAILABILITY INFORMATION
Publishers's discount category 25
300 ## - PHYSICAL DESCRIPTION
Extent 599
546 ## - LANGUAGE NOTE
Language note ENGLISH
-- Info.Tech
650 ## - SUBJECT ADDED ENTRY--TOPICAL TERM
Topical term or geographic name entry element Industrial Handbook
654 ## - SUBJECT ADDED ENTRY--FACETED TOPICAL TERMS
Focus term cutting tool
942 ## - ADDED ENTRY ELEMENTS (KOHA)
Koha item type Reference Book
Holdings
Withdrawn status Lost status Damaged status Not for loan Collection Home library Current library Date acquired Source of acquisition Cost, normal purchase price Inventory number Total Checkouts Full call number Barcode Date last seen Cost, replacement price Price effective from Koha item type
        CRC Fr. Agnel's C.Rodrigues College of Engineering Fr. Agnel's C.Rodrigues College of Engineering 17/03/2023 Milan Book Supplier 6622.50 2111dt 25/05/2010   671.35 SMI 20678 17/03/2023 8830.00   Reference Book